000 00759cas a2200205 a 4500
022 _a1435-1935
040 _cNcD
082 0 4 _a590 WIL 2007 A081 Or.
245 0 0 _aMitteilungen aus dem Museum für Naturkunde in Berlin.
246 3 0 _aZoologische Reihe
246 1 _aBulletin of the Berlin Museum of Natural History.
246 3 0 _aZoological series
260 _aBerlin :
_bWiley-VCH ;
_aSomerset, N.J. :
_bJ. Wiley [distributor],
_cc1998-2007.
300 _av. :
_bill., maps ;
_c30 cm.
500 _aPublished: Berlin : Wiley-VCH ; Somerset, N.J. : J. Wiley [distributor], 1998- ; published: Weinheim : Wiley-VCH Verlag GmbH & Co. KGaA, <2005->
650 0 _aZoology
650 7 _aZoology.
710 2 _aHumboldt-Universität zu Berlin.
942 _cEK
999 _c15861
_d15861